portugais présent de l'indicatif - Statistiques

Statistiques générales
  • Ce quiz a été pris 111 fois
  • Le résultat moyen est 17 sur 51
Statistiques - réponses
Hint Réponse % Correct
eu estudo
100%
eu assisto
96%
eu vendo
96%
voce estuda
91%
voce assiste
87%
voce vende
87%
nos estudamos
83%
nos vendemos
83%
nos assistimos
70%
eles assistem
65%
eles estudam
65%
eles vendem
65%
eu amei
26%
voce amou
26%
eu construi
26%
eu escolhi
26%
nos amamos
22%
eu aprendia
22%
voce aprendia
22%
eles aprendiam
22%
nos aprendíamos
22%
voce Caminhará
22%
eu Caminharei
22%
nos construimos
22%
eu dormia
22%
voce dormia
22%
eles dormiam
22%
nos dormíamos
22%
nos escolhemos
22%
voce escolheu
22%
voce mentirá
22%
eu mentirei
22%
eu viajava
22%
voce viajava
22%
eles viajavam
22%
nos viajávamos
22%
nos Caminharemos
17%
voce construiu
17%
nos mentiremos
17%
voce Responderá
17%
eu Responderei
17%
eles amaram
13%
eles construiram
13%
eles escolheram
13%
nos Responderemos
13%
eles Caminharão
9%
eles mentirão
9%
eles Responderão
9%
(juste faut conjugué "ter") tenho bebido
9%
(juste faut conjugué "ter") tenho partido
9%
(juste faut conjugué "ter") tenho trabalhado
9%
Aucun quiz correspondant
Distribution des résultats
% des personnes avec chaque résultat
Percentile par nombre de réponses
Votre historique - résultats
Vous n’avez pas pris ce quiz